[Event "2nd Open"]
[Site "Rethymno GRE"]
[Date "2010.07.14"]
[Round "2"]
[White "Richter,Mic"]
[Black "Vrublevskaya,O"]
[Result "1-0"]
[WhiteElo "2428"]
[BlackElo "2102"]

1.d4 d5 2.c4 dxc4 3.Nf3 e6 4.e3 Nf6 5.Bxc4 c5 6.Qe2 a6 7.dxc5 Bxc5 8.O-O O-O
9.e4 b5 10.Bd3 e5 11.Bg5 h6 12.Bh4 Nbd7 13.a4 bxa4 14.Nc3 a3 15.bxa3 Qa5
16.Rfc1 Re8 17.Nd2 Rb8 18.Nc4 Qd8 19.Ne3 Rb3 20.Bc4 Rxc3 21.Rxc3 Bd4 22.Rcc1 Bxa1
23.Rxa1 Nc5 24.Rd1 Qb6 25.f3 g5 26.Bf2 Qa5 27.Nd5 Ncd7 28.Qa2 Rf8 29.Ne7+ Kg7
30.Nf5+ Kg6 31.Nd6 Nc5 32.Bxf7+ Kg7 33.Qc4 Na4 34.Rb1 Nc3 35.Rc1 Qxa3 36.Qxc3 Qxd6  1-0

[Event "1st Open"]
[Site "Vaujany FRA"]
[Date "2010.07.17"]
[Round "8"]
[White "Petkov,V"]
[Black "Sengupta,D"]
[Result "1/2-1/2"]
[WhiteElo "2496"]
[BlackElo "2527"]

1.d4 d5 2.c4 dxc4 3.Nf3 Nf6 4.e3 e6 5.Bxc4 c5 6.O-O a6 7.dxc5 Bxc5 8.Qxd8+ Kxd8
9.Rd1+ Ke7 10.Be2 Rd8 11.Rxd8 Kxd8 12.a3 Nbd7 13.Nbd2 b6 14.b4 Bf8 15.Nc4 Bb7
16.Bb2 b5 17.Nce5 Ke8 18.Rc1 Rc8 19.Rxc8+ Bxc8 20.Nxd7 Nxd7 21.Ne5 Nxe5 22.Bxe5 Bb7
23.f3 f6 24.Bc3 e5 25.Bd3 h6 26.Kf2 Bd6 27.e4 Ke7 28.Bc2 Bc8 29.Bb3 Be6 30.Bxe6 Kxe6  1/2-1/2

[Event "Open A"]
[Site "Oberwart AUT"]
[Date "2010.07.18"]
[Round "6"]
[White "Shimanov,A"]
[Black "Lintchevski,D"]
[Result "1/2-1/2"]
[WhiteElo "2519"]
[BlackElo "2507"]

1.d4 d5 2.c4 dxc4 3.e3 Nf6 4.Bxc4 e6 5.Nf3 c5 6.O-O a6 7.dxc5 Bxc5 8.Qxd8+ Kxd8
9.Nbd2 Nc6 10.Be2 Ke7 11.b3 Rd8 12.Bb2 b6 13.Rfd1  1/2-1/2

[Event "Maria Albulet Mem"]
[Site "Braila ROU"]
[Date "2010.07.19"]
[Round "6"]
[White "Cosma,E"]
[Black "Sgircea,S"]
[Result "1-0"]
[WhiteElo "2337"]
[BlackElo "2199"]

1.d4 d5 2.c4 dxc4 3.Nf3 Nf6 4.e3 e6 5.Bxc4 c5 6.Qe2 a6 7.dxc5 Bxc5 8.O-O Qc7
9.a3 Nc6 10.b4 Bd6 11.Bb2 Ne5 12.Nbd2 Nxf3+ 13.Nxf3 b5 14.Bd3 Bb7 15.Rac1 Qb8
16.Rfd1 O-O 17.Bxf6 gxf6 18.Nd4 f5 19.Qh5 Be5 20.Nxf5 exf5 21.Bxf5 h6 22.Qxh6  1-0

[Event "Corporation Centre Cup"]
[Site "Izhevsk RUS"]
[Date "2010.07.23"]
[Round "9"]
[White "Nelyubin,G"]
[Black "Deriabina,S"]
[Result "1-0"]
[WhiteElo "2067"]
[BlackElo "2114"]

1.d4 d5 2.Nf3 Nf6 3.c4 dxc4 4.e3 e6 5.Bxc4 c5 6.Nc3 cxd4 7.Nxd4 Be7 8.e4 O-O
9.Be3 Qc7 10.Qe2 a6 11.Rc1 Bd7 12.O-O Nc6 13.f3 Bd6 14.Nxc6 Bxc6 15.f4 Nxe4
16.Nxe4 Bxe4 17.Bd5 exd5 18.Rxc7 Bxc7 19.Bd4 f5 20.Qh5 Rf7 21.Qh4 Re8 22.Rc1 Bd6
23.Rc3 Be7 24.Qf2 Bb4 25.Rc1 Bd6 26.a3 Rfe7 27.h4 Bd3 28.Qg3 Be4 29.h5 h6
30.Rc3 Rf7 31.Qf2 Bf8 32.Kh2 Rfe7 33.Be5 Rd7 34.Qd4 Red8 35.b4 Bd6 36.Bxd6 Rxd6
37.Rc7 R6d7 38.Rc3 Re8 39.Rc5 Re6 40.Rc8+ Kf7 41.Qc5 Ree7 42.Qb6 Re6 43.Qd4 Ree7
44.Rc5 Rc7 45.a4 Rxc5 46.bxc5 Rd7 47.Kh3 Re7 48.g3 Rd7 49.g4 fxg4+ 50.Kxg4 Re7
51.Kg3 Rd7 52.a5 g6 53.hxg6+ Kxg6 54.Qe5 Bf5 55.Qe8+ Kf6 56.Qe5+ Kg6 57.Qd4 Be4
58.Kh4 Bf5 59.Kg3 Be4 60.Kf2 Re7 61.Qb4 Rf7 62.Qb6+ Kg7 63.Ke3 h5 64.Qd8 Rf6
65.Qe7+ Rf7 66.Qg5+ Bg6 67.Qxd5 h4 68.Qe5+ Kg8 69.Qg5 Kg7 70.Qxh4 Rf5 71.Qe7+ Rf7
72.Qe5+ Kf8 73.Qd6+ Kg7 74.Qe5+ Kf8 75.Qh8+ Ke7 76.Qb8 Ke6 77.Qd6+  1-0

[Event "XIV Battle Of Senta"]
[Site "Senta SRB"]
[Date "2010.07.23"]
[Round "8"]
[White "Radovanovic,D"]
[Black "Nadj Hedjesi,B"]
[Result "1/2-1/2"]
[WhiteElo "2369"]
[BlackElo "2426"]

1.d4 d5 2.c4 dxc4 3.Nf3 Nf6 4.e3 e6 5.Bxc4 c5 6.O-O a6 7.Bb3 Nc6 8.Nc3 Be7
9.Qe2 cxd4 10.Rd1 O-O 11.exd4 Nd5 12.Ne5 Nxc3 13.bxc3 Nxe5 14.dxe5 Qc7 15.Rd3 b6
16.h4 a5 17.Rg3 Kh8 18.Bg5 Bc5 19.Bc2 f5 20.Bf4 a4 21.Bd3 a3 22.Bb5 Bd7 23.Bxd7 Qxd7
24.Rd1 Qa4 25.c4 Rad8 26.Rd6 Rde8 27.Rd1 Rc8 28.Bg5 Rf7 29.Rgd3 Rcf8 30.Rd8 h6
31.Be3 Bxe3 32.Qxe3 Qxc4 33.Qxa3 Rxd8 34.Rxd8+ Kh7 35.h5 Qe2 36.Qd6  1/2-1/2

[Event "15th Open"]
[Site "Balaguer ESP"]
[Date "2010.07.24"]
[Round "6"]
[White "Drozdovskij,Y"]
[Black "Ivanov,Jo"]
[Result "1-0"]
[WhiteElo "2624"]
[BlackElo "2422"]

1.d4 d5 2.c4 dxc4 3.Nf3 Nf6 4.e3 e6 5.Bxc4 c5 6.O-O a6 7.Bb3 Nc6 8.Nc3 b5
9.Qe2 Bb7 10.Rd1 Qc7 11.d5 exd5 12.e4 d4 13.Nd5 Qd8 14.Bf4 Rc8 15.a4 c4 16.axb5 d3
17.bxc6 dxe2 18.Nxf6+ Qxf6 19.cxb7 exd1=Q+ 20.Rxd1 Qc6 21.Ba4  1-0

[Event "3rd Open"]
[Site "Paleochora GRE"]
[Date "2010.07.26"]
[Round "6"]
[White "Tchantcev,C"]
[Black "Bellos,I"]
[Result "0-1"]
[WhiteElo "2284"]
[BlackElo "1859"]

1.d4 d5 2.c4 dxc4 3.Nf3 Nf6 4.e3 e6 5.Bxc4 c5 6.O-O a6 7.a4 Nc6 8.Qe2 Qc7
9.Rd1 Bd6 10.Nc3 O-O 11.h3 b6 12.Bd2 Bb7 13.Rac1 Rfd8 14.Be1 h6 15.d5 exd5
16.Nxd5 Nxd5 17.Bxd5 Ne7 18.Bxb7 Qxb7 19.Qc4 Ng6 20.Bc3 b5 21.Qg4 Qe7 22.Kf1 b4
23.Be1 Ne5 24.Nxe5 Bxe5 25.b3 Rxd1 26.Rxd1 Rd8 27.Ke2 Rxd1 28.Kxd1 Qd6+ 29.Kc2 Bf6
30.Qe4 Kf8 31.f4 g6 32.Bd2 Kg7 33.g4 Kg8 34.Be1 Bg7 35.Qe8+ Bf8 36.Qa8 Qe6
37.e4 Qd6 38.Bd2 c4 39.bxc4 b3+ 40.Kc3 Qb4+ 41.Kd3 b2 42.Bxb4 b1=Q+ 43.Ke2 Qxb4
44.Qxa6 Qb2+ 45.Kd3 Qb3+ 46.Ke2 Qc2+ 47.Kf3 Qd3+ 48.Kg2 Qe2+ 49.Kg3 Qe3+
50.Kg2 Bc5 51.Qc8+ Kg7 52.h4 Qf2+ 53.Kh3 Qf1+ 54.Kg3 Bf2+ 55.Kf3 Bg1+  0-1

[Event "ch-AUT"]
[Site "Vienna AUT"]
[Date "2010.07.26"]
[Round "3"]
[White "Ganaus,H"]
[Black "Nolz,Tom"]
[Result "1/2-1/2"]
[WhiteElo "2288"]
[BlackElo "2169"]

1.d4 d5 2.c4 dxc4 3.e3 e6 4.Bxc4 Nf6 5.Nf3 c5 6.O-O Qc7 7.Qe2 a6 8.a4 Nc6
9.Nc3 Bd7 10.Bd2 cxd4 11.exd4 Be7 12.Rfe1 O-O 13.Rac1 Rfe8 14.d5 exd5 15.Nxd5 Nxd5
16.Bxd5 Bf6 17.Qc4 Rxe1+ 18.Rxe1 Bf5 19.b4 Qd7 20.b5 axb5 21.axb5 Nd8 22.Bg5 Bxg5
23.Nxg5 h6 24.Nf3 Be6 25.Bxe6 Nxe6 26.h4 Rc8 27.Qb4 Qd5 28.Re5 Qd1+ 29.Re1 Qd5
30.Re5 Qd1+ 31.Re1 Qd3 32.Qe7 Ra8  1/2-1/2

[Event "21st Czech GM Open"]
[Site "Pardubice CZE"]
[Date "2010.07.28"]
[Round "6"]
[White "Wichmann,C"]
[Black "Schueler,He"]
[Result "1-0"]
[WhiteElo "2347"]
[BlackElo "2211"]

1.d4 d5 2.Nf3 Nf6 3.c4 dxc4 4.e3 e6 5.Bxc4 c5 6.O-O a6 7.Bb3 b5 8.a4 b4 9.Nbd2 Bb7
10.Nc4 Nc6 11.a5 Be7 12.Qe2 O-O 13.Rd1 Qc7 14.e4 Nxd4 15.Nxd4 cxd4 16.e5 Qc6
17.Qf1 Ne4 18.Nb6 Nc5 19.Bc4 Rad8 20.Bd2 Qe4 21.Re1 Qh4 22.Bxb4 d3 23.Re3 Rd4
24.Rh3 Qg5 25.Rg3 Qxe5 26.Bc3 Rfd8 27.Bxd3 Qd6 28.Bc2 Bf6 29.Bxd4 Bxd4 30.Rd1 e5
31.Nc4 Qf6 32.Qe2 g6 33.Nxe5 Ne4 34.Ng4 Qf4 35.Rb3 Nc5 36.g3 Qg5 37.h4 Bxf2+
38.Nxf2 Rxd1+ 39.Qxd1 Qf6 40.Ng4 Qc6 41.Qd8+ Kg7 42.Qd4+ f6 43.Rxb7+ Nxb7
44.Be4  1-0

[Event "19th Open"]
[Site "Kavala GRE"]
[Date "2010.08.05"]
[Round "7"]
[White "Borovikov,V"]
[Black "Danielian,E"]
[Result "0-1"]
[WhiteElo "2601"]
[BlackElo "2431"]

1.d4 d5 2.c4 dxc4 3.Nf3 Nf6 4.e3 e6 5.Bxc4 c5 6.O-O a6 7.Bb3 Be7 8.Nc3 b5
9.Qe2 Bb7 10.Rd1 Qc7 11.e4 cxd4 12.Nxd4 Nc6 13.Be3 O-O 14.Rac1 Nxd4 15.Bxd4 Qb8
16.e5 Nd7 17.f4 Bc5 18.Nxb5 axb5 19.Bxc5 Nxc5 20.Rxc5 Qa7 21.Qf2 Rad8 22.Rxd8 Rxd8
23.Rc7 Qa8 24.h3 Be4 25.Kh2 h6 26.Bxe6 fxe6 27.Qg3 g6 28.Qg4 Bf5 29.Qe2 Qe4
30.Qf2 g5 31.Rc5 Qxf4+ 32.Qxf4 gxf4 33.Rxb5 Rd2 34.Kg1 Be4 35.Rb4 Rxg2+ 36.Kf1 Bd5  0-1

[Event "Negroponte Open"]
[Site "Chalkis GRE"]
[Date "2010.08.11"]
[Round "3"]
[White "Sachdev,T"]
[Black "Kosmas Lekkas,D"]
[Result "0-1"]
[WhiteElo "2396"]
[BlackElo "2125"]

1.d4 d5 2.c4 dxc4 3.Nf3 Nf6 4.e3 e6 5.Bxc4 c5 6.O-O a6 7.Bb3 b5 8.a4 b4 9.Qe2 Bb7
10.Rd1 Qc7 11.Nbd2 Nc6 12.Nc4 Be7 13.e4 cxd4 14.e5 Nd7 15.Bf4 O-O 16.Rac1 d3
17.Qxd3 Nc5 18.Qe3 Nxb3 19.Qxb3 Na5 20.Qd3 Nxc4 21.Rxc4 Qa5 22.Qc2 Bd5 23.Rcd4 Rac8
24.Qd3 Qxa4 25.Ng5 Qc2 26.Qh3 Qg6 27.Nf3 Rfd8 28.Ne1 Be4 29.Qe3 Rxd4 30.Qxd4 Bd5
31.Qa7 Qg4 32.Ra1 Qxf4 33.Qxe7 Qxe5 34.Qxb4 h6 35.Qa5 Qxb2 36.Nd3 Qb5  0-1

[Event "Tch-ESP CECLUB GpA"]
[Site "Burguillos ESP"]
[Date "2010.08.12"]
[Round "4"]
[White "Rusev,K"]
[Black "Mirzoev,A"]
[Result "1/2-1/2"]
[WhiteElo "2543"]
[BlackElo "2541"]

1.d4 d5 2.c4 dxc4 3.Nf3 Nf6 4.e3 e6 5.Bxc4 c5 6.O-O a6 7.Bd3 Nc6 8.Nc3 Be7
9.dxc5 Bxc5 10.a3 Bd6 11.h3 Ne5 12.Be2 O-O 13.Nd4 Ng6 14.b4 Qe7 15.Bb2 e5
16.Nb3 e4 17.Na4 Rd8 18.Bd4 Bf5 19.Nb6 Rab8 20.Qc2 Ne8 21.Bg4 Bxg4 22.hxg4 Qh4
23.f4 Qxg4 24.Qxe4 Nh4 25.Rac1 Nc7 26.Qc2 Ne6 27.Nd5 Rbc8 28.Qf2 Nf5 29.Bb6 Re8
30.Qf3 Qh4 31.Qh3 Qxh3 32.gxh3 Ng3 33.Rxc8 Rxc8 34.Rf2 h5 35.Kg2 Ne4 36.Rb2 Nf8
37.Bc5 Rd8 38.Bb6 Rd7 39.Rc2 Ng6 40.Kf3 f5 41.Rc8+ Kf7 42.Bd4 Ne7  1/2-1/2

[Event "e2e4 Autumn Masters A"]
[Site "Uxbridge ENG"]
[Date "2010.08.12"]
[Round "3"]
[White "Williams,Si1"]
[Black "Player,E"]
[Result "0-1"]
[WhiteElo "2511"]
[BlackElo "2176"]

1.d4 d5 2.c4 dxc4 3.e3 Nf6 4.Bxc4 e6 5.Nf3 c5 6.O-O a6 7.Bb3 Nc6 8.Nc3 Qc7
9.Qe2 Bd6 10.dxc5 Bxc5 11.Bd2 O-O 12.Rac1 Bd6 13.h3 b6 14.Bc2 Bb7 15.Ne4 Be7
16.Rfd1 Rfd8 17.Qc4 b5 18.Nxf6+ Bxf6 19.Qe4 g6 20.Bb3 Bxb2 21.Rc2 Ne5 22.Rxc7 Bxe4
23.Ng5 Bd5 24.f4 h6 25.Nxe6 fxe6 26.fxe5 Bxe5 27.Rcc1 Bxb3 28.axb3 Rd3 29.Ba5 Rxb3
30.Bc7 Bf6 31.e4 Rc3 32.e5 Rxc1 33.Rxc1 Bg5 34.Ra1 Rc8 35.Bd6 Rc1+ 36.Rxc1 Bxc1
37.Kf2 Kf7 38.Ke2 Ke8 39.Kd1 Bf4  0-1

[Event "Negroponte Open"]
[Site "Chalkis GRE"]
[Date "2010.08.13"]
[Round "5"]
[White "Sandipan,C"]
[Black "Danielian,E"]
[Result "1-0"]
[WhiteElo "2637"]
[BlackElo "2431"]

1.d4 d5 2.c4 dxc4 3.e3 Nf6 4.Bxc4 e6 5.Nf3 c5 6.O-O a6 7.Bb3 Be7 8.Nc3 b5
9.Qe2 Bb7 10.Rd1 Nbd7 11.e4 cxd4 12.Nxd4 Qb8 13.Bg5 h6 14.Bxf6 Bxf6 15.Nxe6 fxe6
16.Qh5+ Kd8 17.Rxd7+ Kxd7 18.Qf7+ Be7 19.Qxe6+ Kc7 20.Rc1 Bd6 21.Nxb5+ Kb6
22.Nxd6 Ka7 23.Qe7 Rd8 24.Nxb7  1-0

[Event "e2e4 Autumn Masters A"]
[Site "Uxbridge ENG"]
[Date "2010.08.13"]
[Round "4"]
[White "Sen,S"]
[Black "Player,E"]
[Result "1/2-1/2"]
[WhiteElo "2159"]
[BlackElo "2176"]

1.Nf3 d5 2.d4 Nf6 3.c4 dxc4 4.e3 e6 5.Bxc4 c5 6.O-O a6 7.Bb3 Nc6 8.Qe2 Qc7
9.Rd1 Bd6 10.Nc3 O-O 11.h3 b5 12.dxc5 Bxc5 13.e4 Nd7 14.Be3 Bxe3 15.Qxe3 Na5
16.Ne2 Qb6 17.Qxb6 Nxb6 18.Ne5 Bb7 19.Rd6  1/2-1/2

[Event "Negroponte Open"]
[Site "Chalkis GRE"]
[Date "2010.08.15"]
[Round "7"]
[White "Sachdev,T"]
[Black "Panagiotopoulos,A"]
[Result "0-1"]
[WhiteElo "2396"]
[BlackElo "2180"]

1.d4 d5 2.c4 dxc4 3.Nf3 Nf6 4.e3 e6 5.Bxc4 c5 6.O-O a6 7.Bb3 b5 8.a4 Bb7
9.axb5 axb5 10.Rxa8 Bxa8 11.Qe2 c4 12.Bc2 Nbd7 13.e4 Be7 14.e5 Nd5 15.Nc3 Nxc3
16.bxc3 Nb6 17.Nd2 O-O 18.Ne4 b4 19.cxb4 Qxd4 20.Be3 Qd8 21.Qg4 Bxe4 22.Qxe4 g6
23.Qb7 Nd5 24.Bh6 Qb8 25.Qc6 Rc8 26.Qa4 Nxb4 27.Re1 Nxc2 28.Qxc2 c3 29.Bc1 h5
30.h3 Bc5 31.Re2 Bd4 32.Qe4 Qb6 33.g3 Rd8 34.Bg5 Rb8 35.Rc2 Qb1+ 36.Kg2 Qb7
37.Kf3 Bxe5  0-1

[Event "49th WJun"]
[Site "Chotowa POL"]
[Date "2010.08.16"]
[Round "13"]
[White "Cordova,E"]
[Black "Delorme,Ax"]
[Result "1-0"]
[WhiteElo "2560"]
[BlackElo "2455"]

1.d4 Nf6 2.Nf3 d5 3.e3 e6 4.c4 c5 5.Bd3 dxc4 6.Bxc4 a6 7.O-O b5 8.Bd3 Bb7
9.Qe2 Nbd7 10.Nbd2 cxd4 11.exd4 Be7 12.a4 Nd5 13.Ne4 Nb4 14.Bb1 bxa4 15.Rd1 Bd5
16.Nc3 Bb3 17.Re1 Nf6 18.Nxa4 O-O 19.Ra3 Bd5 20.Ne5 Nc6 21.Rh3 g6 22.Qd2 Re8
23.Nc3 Bf8 24.Nxd5 Qxd5 25.Qf4 Nxe5 26.dxe5 Nh5 27.Rxh5 gxh5 28.Be4 Qb5 29.Re3 Qd7
30.Rg3+ Bg7 31.Rxg7+ Kxg7 32.Qh6+ Kg8 33.Qxh7+ Kf8 34.Qh8+  1-0

[Event "6th Prospero A Pichay Cup"]
[Site "Manila PHI"]
[Date "2010.08.22"]
[Round "3"]
[White "Ghaem Maghami,E"]
[Black "Nolte,R"]
[Result "1/2-1/2"]
[WhiteElo "2585"]
[BlackElo "2425"]

1.d4 Nf6 2.c4 c6 3.Nf3 d5 4.e3 e6 5.Bd3 dxc4 6.Bxc4 c5 7.O-O a6 8.Bd3 Nbd7
9.Qe2 b6 10.e4 cxd4 11.e5 Nd5 12.Nxd4 Nc5 13.Bc4 Bb7 14.Rd1 b5 15.Bb3 Nxb3
16.Nxb3 Qb6 17.Bd2 b4 18.Qg4 Rc8 19.Rc1 Rxc1+ 20.Bxc1 h5 21.Qc4 Be7 22.N1d2 O-O
23.Nf3 Rc8 24.Qd3 a5 25.Bg5 Bf8 26.Nbd2 Qa6 27.Qd4 Rc2 28.Qh4 g6 29.Rb1 Qd3
30.Qd4 Qxd4  1/2-1/2

[Event "6th Geller Memorial Open A"]
[Site "Odessa UKR"]
[Date "2010.08.24"]
[Round "4"]
[White "Budnikov,O"]
[Black "Bogdanovich,S"]
[Result "0-1"]
[WhiteElo "2398"]
[BlackElo "2464"]

1.d4 d5 2.c4 dxc4 3.Nf3 Nf6 4.e3 e6 5.Bxc4 c5 6.O-O Nc6 7.Nc3 a6 8.Bb3 Bd6
9.dxc5 Bxc5 10.Qxd8+ Kxd8 11.e4 Nd7 12.Bf4 h6 13.Rfd1 g5 14.Bg3 Ke7 15.Na4 Ba7
16.Bd6+ Kf6 17.Rac1 g4 18.Ne1 Nd4 19.Nc3 b5 20.Nc2 Nxb3 21.axb3 Bb7 22.Ne3 h5
23.b4 Ne5 24.Bxe5+ Kxe5 25.Rd7 Bc6 26.Rxf7 Rhd8 27.Rh7 Be8 28.Ra1 Bb6 29.Rb7 Rd6
30.Rg7 Rd2 31.Rg5+ Kf6 32.e5+ Kxg5 33.Ne4+ Kf4 34.Nxd2 Bd4 35.g3+ Kxe5 36.h3 Bxb2
37.Re1 gxh3 38.Nd1+ Kd4 39.Nf3+ Kc4 40.Nxb2+ Kxb4 41.Re3 a5 42.Nd4 a4 43.Nc2+ Ka5
44.Rxe6 Rc8 45.Nd3 Bd7 46.Rd6 Bf5 47.Ncb4 Bxd3 48.Nxd3 a3 49.Rd7 Ka4 50.Rd4+ Rc4
51.Rxc4+ bxc4 52.Nc1 Kb4 53.f4 Kc3 54.f5 Kc2 55.f6 Kxc1 56.f7 a2 57.f8=Q a1=Q
58.Kh2 Qa2+ 59.Kxh3 c3 60.Qf1+ Kb2 61.Qf6 Qc4 62.Qb6+ Qb3 63.Qf6 Qb4 64.Qe5 Qg4+
65.Kh2 h4 66.gxh4 Qxh4+ 67.Kg2 Qc4 68.Kf2 Kb1 69.Qb8+ Kc1 70.Qe5 Qd3 71.Qg7 Qd2+
72.Kf3 Kd1 73.Qg1+ Kc2 74.Qb6 Kc1 75.Qf6 Kb1 76.Qb6+ Qb2 77.Qg6+ c2 78.Ke2 Qe5+
79.Kf3 Qd5+ 80.Ke2 Qb5+ 81.Ke1 Qe5+ 82.Kf1 Qf4+ 83.Ke2 Qc4+ 84.Ke1 Ka2 85.Qg2 Qb4+
86.Kf1 Qb1+  0-1

[Event "9th Georgiev-Kesarovski Mem"]
[Site "Sunny Beach BUL"]
[Date "2010.08.29"]
[Round "2"]
[White "Todorov,T"]
[Black "Estrada Nieto,J"]
[Result "0-1"]
[WhiteElo "2151"]
[BlackElo "2320"]

1.d4 d5 2.c4 dxc4 3.Nf3 Nf6 4.e3 e6 5.Bxc4 c5 6.O-O a6 7.Nc3 b5 8.Bd3 Bb7
9.a3 Nbd7 10.Qe2 Qb6 11.Rd1 Rd8 12.Bc2 Be7 13.e4 cxd4 14.Nxd4 Ne5 15.Nb3 Rxd1+
16.Nxd1 O-O 17.Be3 Qc7 18.f3 Nc4 19.Bf2 Bd6 20.g3 h5 21.Rc1 h4 22.Qe1 Ne5
23.Qe2 Nc4 24.Qe1 Nh5 25.Bd3 hxg3 26.hxg3 Bxg3 27.Bxg3 Nxg3 28.Bxc4 bxc4
29.Nd2 Rd8 30.Rxc4 Qb6+ 31.Kg2 Nh5 32.Rc2 Nf4+ 33.Kh1 Qa5 34.Ne3 Qh5+ 35.Kg1 Qg5+
36.Kh2 Nd3 37.Qg1 Qh4+ 38.Kg2 Ne1+  0-1

[Event "ch-RUS Higher League w"]
[Site "St Petersburg RUS"]
[Date "2010.08.31"]
[Round "6"]
[White "Demina,J"]
[Black "Belenkaya,D"]
[Result "1/2-1/2"]
[WhiteElo "2336"]
[BlackElo "2135"]

1.Nf3 d5 2.e3 Nf6 3.c4 dxc4 4.Bxc4 e6 5.d4 c5 6.O-O a6 7.dxc5 Qxd1 8.Rxd1 Bxc5
9.Nbd2 b5 10.Be2 Bb7 11.Nb3 Nbd7 12.Nxc5 Nxc5 13.Bd2 O-O 14.Nd4 Rac8 15.f3 Na4
16.b3 Nc3 17.Rdc1 Nxe2+ 18.Nxe2 Rxc1+ 19.Rxc1 Rc8 20.Kf2 Rxc1  1/2-1/2

[Event "9th Georgiev-Kesarovski Mem"]
[Site "Sunny Beach BUL"]
[Date "2010.08.31"]
[Round "4"]
[White "Mitkov,M"]
[Black "Estrada Nieto,J"]
[Result "1-0"]
[WhiteElo "2398"]
[BlackElo "2320"]

1.d4 d5 2.c4 dxc4 3.Nf3 Nf6 4.e3 e6 5.Bxc4 c5 6.O-O a6 7.Bb3 cxd4 8.exd4 Nc6
9.Nc3 Be7 10.Bg5 O-O 11.Qd2 Nd5 12.Nxd5 exd5 13.Bxe7 Nxe7 14.Rfe1 Qd6 15.Rac1 Be6
16.Bc2 h6 17.Ne5 Rac8 18.h3 Rc7 19.Bb1 Rfc8 20.Rxc7 Qxc7 21.g4 Qb6 22.f4 Nc6
23.Nxc6 Qxc6 24.Qd3 Qd6 25.Qh7+ Kf8 26.Qh8+ Ke7 27.Qxc8 Qxf4 28.Qc3  1-0

[Event "7th Malaysia Open"]
[Site "Kuala Lumpur MAS"]
[Date "2010.09.02"]
[Round "2"]
[White "Lan Zilun"]
[Black "Hetul,S"]
[Result "1-0"]
[WhiteElo "2192"]
[BlackElo "1956"]

1.d4 d5 2.c4 dxc4 3.e3 e6 4.Bxc4 Nf6 5.Nf3 c5 6.O-O a6 7.Nc3 b5 8.Bb3 Bb7
9.Qe2 Nbd7 10.Rd1 Be7 11.e4 b4 12.e5 bxc3 13.exf6 Bxf6 14.bxc3 O-O 15.Bf4 cxd4
16.Nxd4 Bxd4 17.Rxd4 e5 18.Bxe5 Qe7 19.f4 Rac8 20.Rf1 Rc5 21.Qg4 Nxe5 22.fxe5 Bc8
23.Qf3 Rxe5 24.Bxf7+ Kh8 25.Rf4 Bb7 26.Qh3 Re1 27.Rxe1 Qxe1+ 28.Rf1 Qe7 29.Bc4 Qc5+
30.Kh1 Rxf1+ 31.Bxf1 Qf2 32.Qd3 Qxa2 33.c4 Qa5 34.Qd7 Bxg2+ 35.Kxg2 Qg5+
36.Kh1 h5 37.Qe8+ Kh7 38.Qe4+ Kh6 39.Bd3 Qc1+ 40.Kg2 Qg5+ 41.Kh3 g6 42.c5  1-0

[Event "7th Malaysia Open"]
[Site "Kuala Lumpur MAS"]
[Date "2010.09.06"]
[Round "8"]
[White "Chong Chor Yuen"]
[Black "Hetul,S"]
[Result "1-0"]
[WhiteElo "2063"]
[BlackElo "1956"]

1.d4 d5 2.c4 dxc4 3.Nf3 Nf6 4.e3 e6 5.Bxc4 c5 6.O-O a6 7.a4 Nc6 8.Nc3 Be7
9.Qe2 cxd4 10.Rd1 O-O 11.exd4 Nd5 12.Ne4 Ncb4 13.Ne5 Bd7 14.Bb3 Bc6 15.Bd2 Rc8
16.Rac1 Qb6 17.Nc5 Qd8 18.Bxb4 Nxb4 19.Nxf7 Rxf7 20.Bxe6 Bd5 21.Bxc8 Qxc8
22.Nxa6 Qd8 23.Nc5 b6 24.Nd3 Bb3 25.Rd2 Nxd3 26.Rxd3 Bxa4 27.Qe6 Bd7 28.Qb3 g6
29.Rf3 Bf6 30.h4 Kg7 31.h5 Rf8 32.Qd5 Bg4 33.h6+ Kxh6 34.Qxd8 Rxd8 35.Rxf6 b5
36.Rb6 Be2 37.Re1 Bc4 38.Rd1 Rd5 39.f3 Kg5 40.Kf2 Kf4 41.g3+ Kf5 42.Ke3 h5
43.Ra1 Rd7 44.Raa6 Rg7 45.b3 Bf1 46.Rf6+ Kg5 47.f4+ Kh6 48.f5  1-0

[Event "EYCC Boys U14"]
[Site "Batumi GEO"]
[Date "2010.09.23"]
[Round "4"]
[White "Zaynutdinov,I"]
[Black "Eggink,M"]
[Result "0-1"]
[WhiteElo "2045"]
[BlackElo "1861"]

1.d4 Nf6 2.Nf3 d5 3.c4 dxc4 4.e3 e6 5.Bxc4 c5 6.O-O a6 7.dxc5 Qxd1 8.Rxd1 Bxc5
9.a3 b5 10.Be2 Nbd7 11.b4 Be7 12.Nc3 Bb7 13.Bb2 Rc8 14.Rac1 O-O 15.Nd2 Nb6
16.Nb3 Nfd7 17.Na5 Ba8 18.e4 Bg5 19.Rb1 Bf6 20.Rbc1 Bxe4 21.f3 Ba8 22.Ba1 Nd5
23.Nxd5 Bxd5 24.Bxf6 Nxf6 25.a4 Rb8 26.axb5 axb5 27.Rc5 Ne8 28.Rxb5 Nd6 29.Rxb8 Rxb8
30.Rb1 Nb5 31.Bd3 g6 32.Rb2 Nc3 33.b5 Ra8 34.Nb3 Na4 35.Rb1 Nc3 36.Ra1 Rxa1+
37.Nxa1 Kf8 38.Nc2 Ke7 39.Nb4 Kd6 40.Na6 Na4 41.Kf2 e5 42.g4 Nb2 43.Be2 Nc4
44.Bd3 Nd2 45.Be2 Nb3 46.Ke3 Nc1 47.Nb4 Nxe2 48.Kxe2 Bc4+ 49.Ke3 Bxb5 50.f4 f6
51.fxe5+ fxe5 52.Nc2 Bd7 53.h3 h5 54.gxh5 gxh5 55.h4 Ke6 56.Kf3 Bc6+ 57.Ke3 Kf5
58.Nb4 Bb7 59.Nd3 Bc6 60.Nb4 Be4 61.Na6 Ba8 62.Nc5 Kg4 63.Nd3 e4 64.Nf2+ Kxh4
65.Kf4 Bb7 66.Nd1 Kh3 67.Nc3 h4  0-1

[Event "EYCC Girls U16"]
[Site "Batumi GEO"]
[Date "2010.09.27"]
[Round "8"]
[White "Arabidze,M"]
[Black "Shvayger,Y"]
[Result "1-0"]
[WhiteElo "2288"]
[BlackElo "2200"]

1.d4 d5 2.c4 dxc4 3.Nf3 Nf6 4.e3 e6 5.Bxc4 c5 6.Qe2 a6 7.dxc5 Bxc5 8.O-O Nc6
9.e4 Nd4 10.Nxd4 Qxd4 11.Nc3 Qe5 12.Be3 Bxe3 13.Qxe3 Ng4 14.Qg3 Qxg3 15.hxg3 Ke7
16.Be2 h5 17.Na4 b5 18.Nc5 Rd8 19.Rfd1 Rxd1+ 20.Rxd1 Ra7 21.a3 Rc7 22.b4 Rc6
23.Bxg4 hxg4 24.e5 f5 25.f3 gxf3 26.gxf3 a5 27.Kg2 axb4 28.axb4 Rc7 29.Rd6 Ra7
30.Rb6 Bd7 31.f4 Rc7 32.Nxd7 Rxd7 33.Rxb5 Rd2+ 34.Kh3 Rb2 35.Rb7+ Ke8 36.g4 Rb3+
37.Kh4 fxg4 38.Kxg4 Rb1 39.Kf3 Kd8 40.b5 Rf1+ 41.Ke4 Rb1 42.b6 Rb4+ 43.Kf3 Kc8
44.Rc7+ Kd8 45.Rb7 Kc8 46.Rc7+ Kd8 47.Rc6 Kd7 48.Rd6+ Ke7 49.Ke3 Kf7 50.Kd3 Rxf4
51.Rd4 Rf3+ 52.Kc4 Kg6 53.Rd6 Rf1 54.Rxe6+ Kf5 55.Re7 Rb1 56.b7 g5 57.Kc5 g4
58.Kc6 g3 59.Rg7 Kxe5 60.Rxg3  1-0

[Event "Spartak GM"]
[Site "Subotica SRB"]
[Date "2010.10.27"]
[Round "7"]
[White "Sertic,Ru"]
[Black "Krivokapic,M"]
[Result "1-0"]
[WhiteElo "2422"]
[BlackElo "2417"]

1.d4 d5 2.c4 dxc4 3.Nf3 Nf6 4.e3 e6 5.Bxc4 c5 6.O-O a6 7.Qe2 Nc6 8.Rd1 cxd4
9.exd4 Be7 10.Nc3 Nb4 11.Bg5 O-O 12.a4 Bd7 13.Ne5 Bc6 14.Nxc6 bxc6 15.a5 Nfd5
16.Bxe7 Qxe7 17.Na4 Nc7 18.Ra3 Rfd8 19.Nb6 Rab8 20.Qe5 Nb5 21.Rg3 g6 22.Bxb5 cxb5
23.h4 Nc6 24.Qe1 Nxd4 25.Rgd3 Nc6 26.Nd7 Rbc8 27.h5 e5 28.Rd6 Rc7 29.Nf6+ Kg7
30.Rxd8 Qxf6 31.R8d5 Re7 32.Qe3 gxh5 33.Rd6 Re6 34.Qg3+ Kh6 35.Qg8 Nd4 36.Qf8+ Kg6
37.Rxe6 Qxe6 38.Rd3 Qg4 39.Qg8+ Kf6 40.Qxh7 Ne2+ 41.Kf1 Nd4 42.Qh6+ Ke7 43.Qe3 Kd6
44.Rd2 h4 45.Rd3 f6 46.Rd2 Qf5 47.Kg1 Qc8 48.Kh2 Qg4 49.Qh6 Ke6 50.Qe3 Kf7
51.Rd3 Ke6 52.Qh3 f5 53.Qe3 Kd5 54.Rc3 b4 55.Rc7 f4 56.Qd3 f3 57.gxf3 Qf4+
58.Kh3 Kd6 59.Ra7 Kc5 60.Rxa6 Nxf3 61.Qe3+ Qxe3 62.fxe3 Nd2 63.Re6  1-0

[Event "Chigorin Mem Classic Open"]
[Site "St Petersburg RUS"]
[Date "2010.10.28"]
[Round "1"]
[White "Rozum,I"]
[Black "Belenkaya,D"]
[Result "1-0"]
[WhiteElo "2476"]
[BlackElo "2109"]

1.d4 d5 2.Nf3 Nf6 3.c4 dxc4 4.e3 e6 5.Bxc4 c5 6.O-O a6 7.Bb3 b5 8.a4 b4 9.e4 Bb7
10.e5 Nd5 11.Nbd2 Nd7 12.Nc4 Be7 13.Ng5 N5b6 14.Qg4 Bd5 15.Nxb6 Nxb6 16.Bxd5 Nxd5
17.Ne4 Kf8 18.dxc5 Rc8 19.Rd1 h5 20.Qf3 Bxc5 21.Ng5 Qe8 22.Nxe6+ Qxe6 23.Rxd5 Be7
24.Be3 g6 25.Rad1 Kg7 26.Qe4 h4 27.Rd7 Rh5 28.Ra7 Re8 29.Qb7 Kf8 30.Rxa6 Qb3
31.Qf3 Rf5 32.Bh6+  1-0

[Event "XXIII Belgrade Trophy"]
[Site "Obrenovac SRB"]
[Date "2010.11.01"]
[Round "8.2"]
[White "Blagojevic,Dr"]
[Black "Szabo,G ROM"]
[Result "1-0"]
[WhiteElo "2482"]
[BlackElo "2540"]

1.d4 d5 2.c4 dxc4 3.Nf3 Nf6 4.e3 e6 5.Bxc4 c5 6.O-O a6 7.dxc5 Qxd1 8.Rxd1 Bxc5
9.Nbd2 b6 10.Be2 Bb7 11.Nb3 Be7 12.Ne5 Nbd7 13.Nc4 O-O 14.f3 a5 15.e4 Ba6
16.Be3 Rfc8 17.Rac1 a4 18.Nd4 e5 19.Nf5 Bf8 20.Kf2 g6 21.Nh6+ Kg7 22.g4 b5
23.Nd6 Rxc1 24.Bxc1 Bxd6 25.Rxd6 Nc5 26.Rc6 Ne6 27.Be3 Kf8 28.g5 Nd7 29.Bd2 Ke8
30.Rd6 Nd4 31.Bb4 Bc8 32.Bd3 Ra7 33.f4 Rc7 34.fxe5 Nc6 35.a3 Nxb4 36.axb4 Nxe5
37.Bxb5+ Bd7 38.Rd5 Nc6 39.Ng8 Nb8 40.Nf6+ Ke7 41.Nxd7  1-0

[Event "Chigorin Mem Classic Open"]
[Site "St Petersburg RUS"]
[Date "2010.11.01"]
[Round "5"]
[White "Grachev,B"]
[Black "Chadaev,N"]
[Result "1/2-1/2"]
[WhiteElo "2668"]
[BlackElo "2574"]

1.d4 d5 2.c4 dxc4 3.e3 Nf6 4.Bxc4 e6 5.Nf3 c5 6.O-O a6 7.Bb3 Be7 8.Qe2 cxd4
9.Rd1 Nc6 10.exd4 O-O 11.Nc3 Na5 12.Bc2 b5 13.Ne4 Bb7 14.Nc5 Bd5 15.Ne5 Nc4
16.Ned3 Ra7 17.a4 Qb8 18.b3 Na5 19.Nf4 Ba8 20.Nh5 Nc6 21.Bf4 Qd8 22.d5 exd5
23.axb5 Nxh5 24.Qxh5 g6 25.Qe2 Bxc5 26.bxc6 Bxc6 27.Rxa6 Re8 28.Qd3 Qa8 29.Rxa7  1/2-1/2